000 00534nam a2200193 4500
003 SEACOMEC
005 20240415115029.0
008 231006b |||||||| |||| 00| 0 eng d
020 _cRs. 480.00
040 _aSEACOMEC
082 _a005.73
_bS131
100 1 _aSajni, Sartaj
245 1 _aData Structures, Algorithms and applications in Java
_cSartaj Sajni
250 _a2nd ed.
260 _aHyderabad
_bUniversities
_c2005
650 _aComputer programming, programs, data
650 _aData in computer systems
942 _cBOOK
999 _c135
_d135